000 00958nam a2200253Ia 4500
003 OSt
005 20221005112624.0
006 a|||||r|||| 00| 0
007 ta
008 221004b |||||||| |||| 00| 0 pan d
020 _cINR 200.00
024 _a68340
037 _b1195, 20/02/2020, H.K. Prakashan
_cTextual
040 _aCRL
_cCRL
_bpan
041 _2pan
_apan
082 _aQ7:21, 153Q9
100 _aਸਿੰਘ, ਅਕਾਲੀ ਕੌਰ, ਂਚ.
245 0 _aਕੁਰਾਨ Fਰੀਖ਼ ਦੀਆਂ ਗੁਰਬਾਣੀ ਨਾਲ ਮਿਲਦੀਆਂ ਆਇਤਾਂ
260 _aਜੰਮੁ
_b਼ਕਸਮੀਰ ਸੰਤ ਼ਅਤੇ ਸਿੰਘ ਪਬਲਿFਰਗ਼ ਣਾਰਤ
_c2019
300 _a151ਪ੍ਰ0
_ccm.
650 _aਇਤਿਹਾਸ
942 _hQ7:21, 153Q9
_cTEXL
_2cc
999 _c1025439
_d1025439